| 000 | 00813cam a2200265 4500 | ||
|---|---|---|---|
| 008 | 090401t1996 xxu||||| |||| 00| 0 eng d | ||
| 020 | _a0854067868 | ||
| 035 | _a(Sirsi) u66418 | ||
| 041 | _aeng | ||
| 050 | _a692.2 | ||
| 090 | _a1996/118ABCDE | ||
| 100 | _aAnstey, John | ||
| 245 | _aParty walls and what to do with them. | ||
| 250 | _a4th ed. | ||
| 260 |
_aLondon _bRICS _c1996 |
||
| 300 | _a130p. ; 21cm. | ||
| 350 | _a14.95 | ||
| 520 | _aSUSPERSED: Replaced by 5th edition (RICS 1998/45). Deals with the Party Wall etc. Act 1996, as it applies to England and Wales. | ||
| 650 | _aPARTY WALL ETC. ACT 1996 | ||
| 650 |
_aParty walls _96258 |
||
| 690 | _aBUILT ENVIRONMENT-BUILDING INSPECTION | ||
| 710 |
_aRoyal Institution of Chartered Surveyors _94900 |
||
| 942 | _n0 | ||
| 948 | _c04/03/1997 | ||
| 999 |
_c94860 _d94860 |
||